[Event "FRA-ch"]
[Site "Meribel"]
[Date "1998.08.24"]
[Round "11"]
[White "Kouatly, Bachar"]
[Black "Chabanon, Jean Luc"]
[Result "1/2-1/2"]
[WhiteElo "2495"]
[BlackElo "2490"]
[Annotator "Tisdall,J"]
[PlyCount "118"]
[EventDate "1998.08.14"]
[EventType "tourn"]
[EventRounds "15"]
[EventCountry "FRA"]
[EventCategory "10"]
[SourceTitle "CBM 067"]
[Source "ChessBase"]
[SourceDate "1998.11.30"]
[SourceVersion "2"]
[SourceVersionDate "1998.11.01"]
[SourceQuality "1"]

{[%mdl 2056]} 1. d4 Nf6 2. c4 e6 3. Nf3 Bb4+ 4. Bd2 Qe7 5. g3 Nc6 6. Bg2 Bxd2+
7. Nbxd2 d6 8. O-O a5 9. e4 e5 10. d5 Nb8 11. Ne1 h5 {'!?' Byrne,R; Mednis,E.}
12. Nd3 {'!?' Byrne,R; Mednis,E.} (12. f4 h4 13. f5 hxg3 14. hxg3 Nh5 15. Rf3
Qg5 16. Nf1 g6 17. Qd2 Qxd2 18. Nxd2 Na6 19. Nd3 gxf5 20. exf5 Nf6 $17 {
0-1 Evseev,D-Lopushnoy,D/Novgorod 1997/CBM 60 (51)}) 12... h4 13. f4 (13. Qe2
Na6 14. Rac1 (14. b3 hxg3 15. hxg3 Nb4 (15... c6 16. a3 {/\ b4}) 16. Nxb4 axb4
17. a3 $1 bxa3 18. Ra2 Bh3 19. Bxh3 Rxh3 20. Rfa1 Qd7 21. Rxa3 Rxa3 22. Rxa3
Rh6 23. Ra8+ Ke7 24. Ra7 Qh3 25. Qf3 Ng4 $1 $11 {Ippolito,D-Yermolinsky,A/Reno
1996/Inf 68/[Byrne,R; Mednis,E] (25)}) 14... Nc5 15. b3 Bg4 16. Qe3 Bd7 17.
Nxc5 dxc5 18. Nf3 hxg3 19. fxg3 Rh5 20. a3 Ra6 21. h4 Ng4 22. Qd2 a4 23. b4 Rg6
24. Ng5 Rgxg5 25. hxg5 Rxg5 $13 {0-1 Pyda,Z-Khasin,A/Koszalin 1998/EXP 65 (46)}
) 13... hxg3 14. fxe5 $2 $146 (14. hxg3 Ng4 15. Qe2 (15. Re1 Qf6 16. f5 Qg5 17.
Nf3 Qh6 18. Qd2 Qxd2 19. Nxd2 Na6 20. Bf3 Nf6 21. a3 a4 22. Kg2 Ke7 23. Rac1 b6
24. g4 Nd7 25. g5 Ndc5 26. Nf2 $13 {0-1 Madebrink,L-Astrom,G/Helsingborg 1991/
EXT 91b (79)}) 15... Nh2 16. Rfe1 Bg4 17. Qf2 Nd7 18. c5 Nxc5 19. Nxc5 dxc5 20.
Rac1 b6 21. Nc4 f6 22. d6 cxd6 23. Nxb6 Rb8 24. Nd5 Qb7 25. f5 $44 {1-0 Vokac,
M-Walti,R/Prague 1991/TD 91\08 (46)}) 14... dxe5 $6 (14... gxh2+ {could
certainly have been played, as it is not at all clear that white's king is
actually shielded from harm by black's pawn on h2.} 15. Kh1 dxe5 16. Qf3 (16.
c5 Nh5) 16... Nh5 17. Rf2 {and white can fend off the immediate threats with
Nf1 if needed.} Ra6 $5 {and I cann't help feeling this is just a better
version of the game for black.}) 15. hxg3 Nbd7 16. Rf5 g6 17. Rf2 Ra6 18. Qf3
Nc5 (18... Nh5 19. c5 Rf6 20. Qe3 Rxf2 21. Qxf2 Qg5 22. Nf3 Qxg3 23. Qxg3 Nxg3
24. Nfxe5 Nxe5 25. Nxe5 Ne2+ 26. Kf2 Nf4 27. Rh1 Rxh1 28. Bxh1 f6 29. Nc4 Nd3+
30. Ke3 Nxc5 31. Nxa5 $11) 19. Nxc5 Qxc5 20. Nb3 Qa7 $2 {An odd decision,
which allows the initiative to change hands.} (20... Qe7 21. Rc2 $5 (21. c5 Ng4
22. Rc2 a4 23. d6 Qg5 $5 24. Nd2 cxd6 25. cxd6 (25. Bf1 Qe3+ $17) 25... Bd7 26.
Nc4 b5) (21. Raf1 Rh7 {planning Ng4 and a4.}) 21... a4 22. Nd2 Qc5+ (22... Nd7
$5) (22... Ng4 23. c5 Rf6 24. Qa3 $132) 23. Qf2 Qxf2+ 24. Kxf2 Ng4+ 25. Ke2 Rh2
26. Rg1 $11) 21. c5 O-O $1 (21... Rh7 22. Bf1 Ng4 23. Bxa6 Nxf2 24. Bb5+ c6 25.
Qxf2 cxb5 26. Qf6 $18) 22. Bf1 Ng4 23. Rc2 $5 (23. Bxa6 $5 Nxf2 24. Bf1 Ng4 25.
Qc3 f5 $5 (25... b6 26. Rc1 $14) (25... a4 26. Nd2 $14) 26. Qxa5 Qxa5 27. Nxa5
fxe4 28. Bg2 $14) 23... Rf6 24. Qc3 a4 25. Nd2 b6 26. b4 (26. Bh3 $5 {[%csl
Re5]} bxc5 27. Nc4 (27. Qxc5 Qxc5+ 28. Rxc5 Rf2 29. Nf1 Rxb2 30. Rxc7 f5 $132)
27... Re8 28. Bxg4 Bxg4 29. Nxe5 c4+ 30. Kg2 $16 {and white should be much
better, though there are some breezes around his king.} Rxe5 $140 $2 31. Qxe5
Qe3 32. Qxf6 Qxe4+ 33. Kg1 Qxc2 34. Re1 $18) 26... bxc5 27. Qxc5 $1 (27. bxc5 {
[%csl Ra7,Re5] keeping pressure on e5 and sealing out the black queen is more
ambitious, but undoubtedly white wanted a safer continuation as the game
reaches boiling point.} Rf2 $5 28. Bh3 Re2 29. Bxg4 Bxg4 30. Qxe5 Qa6 $1 {
suddenly gives black dangerous counterplay.}) 27... Qxc5+ 28. bxc5 $2 (28. Rxc5
$5 {is the critical continuation, and leads to a complex race, with black
trying to whip up an attack as the rest of his position crumbles. I imagine
the clock played a big part in the decision. It seems to me that black's
resources would be insufficient:} Rf2 29. Rd1 $1 (29. Nc4 Rf3 30. Rxc7 Rxg3+
31. Bg2 f5 $40) 29... f5 30. Rxc7 f4 $1 (30... fxe4 31. Nxe4 Rb2 32. d6 $18)
31. gxf4 exf4 32. d6 f3 (32... Be6 33. Re7 $1 Bxa2 (33... Bf7 34. e5) 34. d7
Bf7 35. Bc4 $18) 33. d7 Ba6 34. Rc6 {simplest} Bxf1 35. Rxg6+ Kf7 36. Rxg4 $18
{The game continuation gives black the breathing room he needs to put things
in order.}) 28... Kg7 29. Be2 Rh8 30. Bxg4 {Necessary to relieve the growing
activity around the white kingside.} Bxg4 31. Rf1 (31. Rb1 $5 g5 $1 (31... Bf3
32. Nxf3 Rxf3 33. Kg2 Re3 (33... Rd3 $5) 34. Rb7 Rc8 35. Rb4 $14 {[%csl Ra4,
Rc7,Re4,Rf7]} (35. Rf2 Rxe4 36. d6 cxd6 37. Rfxf7+ Kh6 38. cxd6 $11)) 32. Rb7
Rfh6 33. Rxc7 Rh1+ 34. Kf2 R1h2+ $1 35. Ke3 (35. Kg1 Re2 $1) 35... R8h3 {
and white's passed pawns will presumably not be enough to compensate for his
coming material losses:} 36. Kd3 Be2+ (36... Rxg3+ 37. Kc4 Rgg2 38. Kc3 Bd1 39.
Rb2 a3 40. Rbb7 Rg3+ 41. Kb4 Rxd2 42. Rxf7+ Kg6) 37. Kc3 Bd1) 31... Rxf1+ 32.
Nxf1 Bf3 33. Rc4 (33. Nd2 $4 Rh1+ 34. Kf2 Bxe4 $1 $19) 33... f5 34. Nd2 fxe4
35. Nxf3 exf3 36. Kf2 {Keeping the material balance while allwoing black to
maintain his connected pawns should prove fatal:} (36. Rxa4 Rd8 37. Ra7 (37.
Kf2 Rxd5 38. Kxf3 Rxc5 {is better, but also better for black than the game.})
37... Rxd5 38. Rxc7+ Kf6 $17 {/-+}) 36... Rd8 37. d6 cxd6 38. cxd6 Rxd6 39.
Kxf3 (39. Rxa4 Rd3 40. Re4 Kf6 41. a4 Kf5 42. Re3 Rxe3 43. Kxe3 Kg4 44. Kf2 e4
45. a5 e3+ 46. Kxe3 Kxg3 47. a6 f2 48. a7 f1=Q 49. a8=Q Qf2+ 50. Kd3 Qf3+ $19)
39... Rd3+ 40. Ke4 Rxg3 41. Kxe5 a3 {[%mdl 4096]} (41... Ra3 42. Rc2 Rf3 (42...
Rh3 43. Kf4) 43. Ke4 Rf6 $5 44. Rc4 g5 45. Ke3 Kg6 46. Rxa4 Kh5 47. Ra8 g4 48.
a4 g3 49. a5 Kg4 (49... Rg6 50. Kf3 $11) 50. a6 Re6+ 51. Kd2 Rg6 (51... g2 52.
Rg8+ (52. a7 Rg6) 52... Kf3 53. a7 Ra6 54. Rf8+ $11) 52. Ke2 $11) 42. Ra4 g5
43. Kf5 Kf7 (43... Kh6 44. Ra8 $11) 44. Ra6 Ke7 45. Ke5 Kd7 (45... Rf3 $5 {
looks trickier. Black's king is best place on f7, where it hampers the white
rook coming behind the g-pawn, and is better placed to run up the board if
given the chance. White must also take care not to fall into a lost R + aP vs
R ending, something best understood with a database and a copy of Nunn's
Secrets of Rook Endings. I hope I provide a few guidelines of some of the
pitfalls while not getting something horribly wrong:} 46. Rg6 (46. Ke4 g4 47.
Rg6 Rg3 48. Kf4 $6 (48. Ra6 $1) 48... Rg2 49. Ra6 Rxa2 50. Kxg4 Ra1 51. Kf3 Kd7
52. Kg2 Kc7 {[#] is a critical position in this ending, when the natural} 53.
Rf6 $2 {loses to} (53. Rh6 $8 $11 {is the only route to a draw. These
variations are not terribly relevant to the course of the game, but I felt
like reacquainting myself with some of these positions...}) 53... Ra2+ $1 (
53... Rb1 54. Ra6 Rb3 55. Kf2 Kb7 56. Ra4 Kb6 57. Ke2 Kb5 58. Ra8 Kb4 59. Kd2
Rb2+ 60. Kc1 $11) 54. Kg3 (54. Kf3 Kb7 55. Ke3 Ra1 $1 56. Rf2 Kb6 $1 (56... a2
57. Kf4 $1 $11) 57. Kd3 a2 58. Rd2 Kb5 $19) 54... Rb2 $19 55. Ra6 a2 56. Kf3
Kb7 57. Ra3 Kb6 58. Ke3 Kb5 59. Ra8 Kc4) 46... Re3+ (46... Rf2 47. Rxg5 Rxa2
48. Kd4 $11) 47. Kd4 (47. Kf5 Re2) 47... Rg3 48. Ra6 g4 49. Ke4 Rc3 50. Kd4 Rf3
51. Rg6 (51. Ke4 Kf7) 51... Rg3 52. Ra6 Kf7 53. Ke5 Rf3 54. Ra4 $1 (54. Ke4 Rc3
{and black is making progress;} 55. Kd4 g3 $1 {Kouatly's defensive method
concentrates on leaving the fourth rank open for his rook, not fearing ...g3,
and this allows for a simple defence.}) 54... g3 55. Rg4) 46. Kd5 g4 47. Ra4 $1
Rd3+ 48. Ke4 Rc3 49. Kd5 g3 50. Rg4 Ke7 51. Ke5 Kd7 52. Kf4 (52. Kd4 Rf3 53.
Ke4 Rf2 54. Rxg3 Rxa2 55. Kd4 {was simpler.}) 52... Rc2 53. Rxg3 Rxa2 54. Rg1
Kc6 55. Ke3 Kb5 56. Kd3 Kb4 57. Rg8 (57. Rb1+ Rb2 58. Rxb2+ axb2 59. Kc2 Ka3
60. Kb1 Kb3 $11) 57... Rh2 58. Rb8+ Ka4 59. Kc3 Rh3+ 1/2-1/2

[Event "EU-chT (Men) 11th"]
[Site "Pula"]
[Date "1997.05.??"]
[Round "9.4"]
[White "Anastasian, Ashot"]
[Black "Hulak, Krunoslav"]
[Result "1-0"]
[WhiteElo "2575"]
[BlackElo "2525"]
[Annotator "Tisdall,J"]
[PlyCount "99"]
[EventDate "1997.05.05"]
[EventType "team-swiss"]
[EventRounds "9"]
[EventCountry "CRO"]
[SourceTitle "CBM 057 Extra"]
[Source "ChessBase"]
[SourceDate "1997.05.01"]
[SourceVersion "1"]
[SourceVersionDate "1997.05.01"]
[SourceQuality "1"]
[WhiteTeam "Armenia"]
[BlackTeam "Croatia"]
[WhiteTeamCountry "ARM"]
[BlackTeamCountry "CRO"]

1. d4 Nf6 2. Nf3 e6 3. c4 Bb4+ 4. Nbd2 O-O 5. e3 d5 6. a3 Be7 7. b4 a5 8. b5 c5
9. bxc6 bxc6 (9... Nxc6 $5 10. Bb2 $6 Rb8 11. Bd3 dxc4 12. Nxc4 {1/2-1/2
Rezsek,G-Bernei,A/HUN-chT1 1995}) 10. c5 Nfd7 (10... Qe8 $6 11. Qc2 Nfd7 12.
Bb2 f5 13. Be2 Ba6 14. Bxa6 Rxa6 15. O-O Qh5 16. Rfb1 Nf6 $6 17. Bc3 Nbd7 18.
Rb7 Rb8 19. Rxb8+ Nxb8 20. Qb2 Nfd7 21. Qb7 Qe8 22. Rb1 Bf6 23. Nb3 Qd8 24. Nc1
f4 25. exf4 {1-0 Petrosian,A-Ivanovic,B/Belgrade GMA 1988}) 11. Bb2 (11. Be2 $5
{keeping the b-line clear deserves consideration.} Ba6 12. O-O f5 (12... e5 $5)
13. Rb1 Qc7 14. a4 Bf6 15. Nb3 e5 16. Bd2 e4 17. Ne1 Bxe2 18. Qxe2 Bd8 19. g3
Nf6 20. Bxa5 $1 $16 {Seirawan,Y-Speelman,J/Roquebrune rapid 1992/1/2-1/2 (60)})
11... Qc7 (11... e5 12. Nxe5 Nxe5 13. dxe5 Bxc5 14. Qc2 $14 {[%csl Rc5,Rc6]
[%cal Rc2h7] +/-}) 12. Qc2 Ba6 13. Bxa6 Nxa6 14. O-O a4 $5 {To create an
outpost on b5.} (14... e5 $5 {seems to me to be by far the most natural way to
play this type of position, but for some reason no one seems to agree.} 15.
dxe5 (15. Nxe5 Nxe5 16. dxe5 Nxc5 17. Rfc1 Rfc8) 15... Naxc5 16. e4 Nxe4 17.
Nxe4 dxe4 18. Qxe4 Rab8 $132) 15. e4 Qc8 $2 (15... e5 $5 16. dxe5 (16. exd5
cxd5 17. c6 e4 18. Rfc1 exf3 19. cxd7 Qxc2 $5 20. Rxc2 fxg2 {and d7 looks weak.
}) 16... Naxc5 17. exd5 cxd5 18. Rfc1 Rfc8 19. Qf5 Qb6 $11) 16. Rfe1 $1 {
This consolidates white's space advantage by ruling out ...e5.} Bf6 17. h4 Qd8
18. g3 Nc7 19. Kg2 Nb5 20. e5 Be7 21. Nb1 Qa5 22. Nc3 Rfb8 (22... Nxc3 $5 23.
Bxc3 Qa6 24. Bb4 $14) 23. Ne2 $1 Nc7 24. Bc3 Qa6 25. Bb4 {The bishop screens
white's potential weaknesses on the queenside (a3/b3) and gives him time to
improve his position on the b-file undisturbed.} Qc8 26. Nf4 Nf8 27. Nd3 Bd8
28. Reb1 Nb5 29. Bd2 Rb7 30. Rb4 $16 {Now black becomes tied down to the
weakness on a4.} Rba7 31. Be3 Nd7 32. Ng5 Nf8 33. Nf3 Nd7 34. Nf4 $1 {
Preparing to bring the queen and all minor pieces to bear on the kingside.} Bc7
35. Nh5 Qe8 36. Ng5 Nf8 (36... f5 $5) 37. Qe2 Bd8 (37... Ba5 $5 {is terribly
dangerous but at least provokes a crisis:} 38. Rbb1 (38. Qg4 Bxb4 39. Nf6+ gxf6
40. Ne4+ Ng6 41. Nxf6+ Kf8 42. Nxe8 Bc3 43. Nf6 $13) 38... Nc3 39. Qg4 Ng6 (
39... Nxb1 40. Nf6+ gxf6 41. Ne4+ Ng6 42. Nxf6+ $18) 40. Rh1 $40) 38. Qg4 g6 (
38... Ng6 39. Nxg7 Kxg7 40. h5 h6 41. Nh3 $40) 39. Nf3 Kh8 (39... Nd7 $142) 40.
Nf6 Bxf6 41. exf6 Nd7 42. Bf4 Qd8 (42... Nxf6 $2 43. Be5 Qe7 44. Qf4 Kg7 45. g4
$18) (42... Nc3 43. Be5) 43. Be5 Kg8 44. Qf4 {with the simple threat of
opening the h-file.} h5 45. g4 hxg4 46. Ng5 $1 Nxe5 (46... Qf8 47. h5 Qh6 48.
Rh1) 47. dxe5 Qf8 48. h5 gxh5 49. Rh1 Qh6 50. Qxg4 $1 (50. Qxg4 $1 hxg4 51.
Rxh6 d4 52. Rb1 Z0 53. Rbh1) 1-0

[Event "Sigeman & Co 05th"]
[Site "Malmo"]
[Date "1997.06.18"]
[Round "9"]
[White "Timman, Jan H"]
[Black "Hellsten, Johan"]
[Result "1-0"]
[WhiteElo "2630"]
[BlackElo "2485"]
[Annotator "Tisdall,J"]
[PlyCount "77"]
[EventDate "1997.06.10"]
[EventType "tourn"]
[EventRounds "9"]
[EventCountry "SWE"]
[EventCategory "13"]
[SourceTitle "CBM 060"]
[Source "ChessBase"]
[SourceDate "1997.09.29"]
[SourceVersion "1"]
[SourceVersionDate "1997.09.29"]
[SourceQuality "1"]

1. d4 Nf6 2. c4 e6 3. Nf3 Bb4+ 4. Nbd2 b6 5. a3 Bxd2+ 6. Bxd2 Bb7 7. Bg5 d6 8.
e3 Nbd7 9. Qc2 c5 (9... Qe7 {is the most flexible alternative, when black is
better prepared for pawn clashes in the center.} 10. Rd1 (10. Bd3 h6 11. Bh4 c5
12. Be2 (12. b4 Rc8 13. bxc5 $6 (13. Qb2 $5 {Finkel}) 13... dxc5 14. Ne5 $6
cxd4 15. exd4 Qd6 $1 16. Nxd7 (16. Bxf6 gxf6 17. Nxd7 Qxd4 $1 18. O-O Qxd7 $17)
16... Qxd4 $1 $17 {Mikhalevski,V-Finkel,A/Beer Sheva16th 1997/CBM 58]/0-1 (53)}
) 12... Rc8 13. Rd1 cxd4 14. Nxd4 a6 15. f3 d5 16. Qb3 O-O 17. cxd5 Bxd5 $11 {
Mikhalevski,V-Kosashvili,Y/ISR-chT 1996/EXP 52/0-1 (51)}) 10... Be4 11. Qa4 O-O
12. Bh4 a6 13. Bd3 Bxd3 14. Rxd3 e5 15. Rd1 exd4 16. Rxd4 Ne5 17. O-O Nxf3+ 18.
gxf3 Qe6 19. Bg3 a5 20. Rfd1 Qe8 $10 {Epishin-Kosten/Geneva op/1993/}) 10. Bd3
{Unusual, but black can safely reply with ...Qe7, leading back to the more
normal lines given above.} (10. Rd1 Qc7 11. Be2 O-O 12. O-O Rac8 13. Bh4 Be4
14. Qd2 Rfe8 15. Bg3 e5 16. dxe5 dxe5 17. Nh4 $1 $14 {led to long suffering
for the best known Swede, 1-0 Epishin,V-Andersson,U/Malmo 1994/CBM 42/
[Krasenkow] (52)}) 10... Rc8 $5 (10... h6 $5) 11. d5 $5 {A very interesting
sacrifice, partly justified by the fact that d6 is temporarily weaker than in
normal lines. The absence of Qe7 means that white will gain a bit of time if
the Bg5 is kicked around to g3 (hitting d6) or when a R arrives on the d-line.
This reminds me of some of Timman's youthful adventures in the Leningrad
Nimzo-Indian.} exd5 12. cxd5 h6 13. Bh4 Bxd5 14. O-O-O g5 {Black embarks on
the most aggressive path. Trying to reestablish coordination would lead to
great complications, for example:} (14... Bb7 $5 15. Bf5 d5 16. e4 $5 (16. Bxf6
Qxf6 17. e4 d4 18. e5 Qe7 $17) 16... g5 17. Bg3 $44 (17. Nxg5 $5 hxg5 18. Bxg5
Rh5 19. h4 $44 {In both cases white has extremely active pieces and can use
his e-pawn as a battering ram to further open the position.})) 15. Bg3 c4 (
15... Qe7 16. Nd4 $1 Ne5 17. Nf5 Qc7 {and now white has a pleasant choice
between} (17... Qd7 $2 18. Bb5) 18. Bb5+ ({or} 18. Qc3 $5) 18... Kf8 19. Nxd6
$1 Qxd6 20. Qf5) 16. Bf5 Nc5 17. Rxd5 (17. Bxd6 $5 Qxd6 (17... Be4 18. Bxe4 (
18. Bxc5 Bxc2 19. Rxd8+ Rxd8 20. Bd4 Bxf5 21. Bxf6 O-O 22. Bxd8 Rxd8 23. Nd4
$14) 18... Ncxe4 19. Be5 $16) 18. Bxc8 Nd3+ 19. Kb1 Be4 20. Nd2 $1) 17... Nxd5
18. Rd1 Ne7 (18... Nb3+ 19. Kb1 Rc5 20. Rxd5 $1 Rxd5 21. Qe4+ $18) 19. Bxc8 (
19. Rxd6 {also looks promising, though less controlled than the move in the
game:} Nd3+ 20. Kb1 (20. Bxd3 $2 cxd3 21. Rxd8+ Kxd8 $17) 20... Nxf5 21. Qa4+
Kf8 22. Rxd8+ Rxd8 23. Bc7 $5 $16) 19... Qxc8 20. Bxd6 $16 Nd3+ 21. Kb1 Qe6 22.
Qa4+ (22. Bxe7 Kxe7 23. Nd4 Qd5) 22... Kf8 23. Bxe7+ Qxe7 24. Qxc4 Nxf2 {
Now white needs to find a way to convert his advantage in development into
something tangible.} 25. Qc3 (25. Rd4 $5 Kg7 (25... Qxe3 26. Rd7 Qe4+ 27. Qxe4
Nxe4 28. Rxa7 $16) 26. Qc3 {and black must work to extract his knight.}) 25...
Rg8 (25... Kg8 $5 {gives black better chances of developing his rook.}) 26. Rf1
Ne4 27. Qd4 g4 28. Nh4 (28. Ne5 Nd2+ $1 29. Qxd2 Qxe5 $14) 28... Qxh4 29. Qxe4
Qe7 (29... Qxh2 30. Qb4+ $1 Kg7 (30... Ke8 31. Qa4+ {[%csl Ra7,Rb6,Rf7]}) 31.
Qxg4+ Kh8 32. Qd4+ Rg7 33. Rxf7 Qxg2 34. Rxa7 $16 {+-}) 30. Qd4 $1 $16 {
White's advantage is practically winning. Black is unable to coordinate his
forces and has too many weak pawns.} Rg7 31. Rf6 Rg6 $6 (31... Rh7 32. Rc6) 32.
Rxg6 fxg6 33. Qh8+ Kf7 34. Qh7+ Kf6 35. Qxe7+ Kxe7 36. Kc2 $18 Kd6 37. Kd3 Ke5
38. e4 h5 39. g3 1-0